000 00668nam a22002057a 4500
005 20240820163659.0
008 240820e2006 sp |||||r|||| 001 0 spa d
020 _a9788483077597
040 _aCO-JMCR
_cCO-JMCR
_dCO-JMCR
_erda
041 _aspa
082 _a320.011
_bA18a
100 _eautor
_aAckerman , Bruce,
_943823
245 _aAntes que nos ataquen de nuevo ;
_bLa defensa de las libertades en tiempos de terrorismo :
_cBruce Ackerman.
246 _aBefore the next attack
260 _aBarcelona :
_bPenínsula ,
_c2006
300 _a316 páginas ;
_c23 cm
650 1 4 _2JMCR
_aDerechos humanos
650 2 4 _2JMCR
_aCiencias politicas
942 _2ddc
_cBK
999 _c30819
_d17203